Statistics for Netherlands EUROs Starting XIs

Click here to take the quiz!

General Stats

  • This quiz has been taken 161 times
  • The average score is 58 of 110

Answer Stats

HintAnswer% Correct
2020CMFrenkie de Jong
94%
2012DMNigel de Jong
94%
2008DMNigel de Jong
94%
1996GKEdwin van der Sar
92%
2000GKEdwin van der Sar
92%
2008GKEdwin van der Sar
92%
2004GKEdwin van der Sar
92%
2004LWArjen Robben
91%
2012RMArjen Robben
91%
2012STRobin van Persie
91%
2020STMemphis Depay
90%
2012AMWesley Sneijder
90%
2008LMWesley Sneijder
90%
2000CBFrank de Boer
88%
1996RMRonald de Boer
88%
1976AMJohan Cruyff
83%
2008STRuud van Nistelrooy
83%
2004STRuud van Nistelrooy
83%
2020CBDaley Blind
81%
2012GKMaarten Stekelenburg
81%
2020GKMaarten Stekelenburg
81%
1988STMarco van Basten
81%
1992STMarco van Basten
81%
2020CBMatthijs de Ligt
81%
1996CBDanny Blind
80%
1988STRuud Gullit
79%
1992RMRuud Gullit
79%
2020CBStefan de Vrij
79%
1996RWJordi Cruyff
77%
2020RMDenzel Dumfries
75%
1988CBRonald Koeman
75%
1992CBRonald Koeman
75%
1992AMDennis Bergkamp
74%
2000STDennis Bergkamp
74%
1996STDennis Bergkamp
74%
1988LMErwin Koeman
74%
1988CBFrank Rijkaard
73%
1992CMFrank Rijkaard
73%
2000STPatrick Kluivert
73%
2004CMEdgar Davids
71%
2000CMEdgar Davids
71%
2008LBGiovanni van Bronckhorst
71%
2004LBGiovanni van Bronckhorst
71%
2000LBGiovanni van Bronckhorst
71%
2012DMMark van Bommel
71%
2008AMRafael van der Vaart
71%
2004CMClarence Seedorf
69%
1996CMClarence Seedorf
69%
2008RMDirk Kuyt
67%
2004CBJaap Stam
63%
2000CBJaap Stam
63%
2020AMGeorginio Wijnaldum
62%
2000RMMarc Overmars
61%
2012RBGregory van der Wiel
58%
2000CMPhillip Cocu
54%
2004CMPhillip Cocu
54%
2012CBJohnny Heitinga
53%
2012CBRon Vlaar
51%
2008CBJoris Mathijsen
50%
2020CMMarten de Roon
49%
1976CMJohan Neeskens
48%
2020STDonyell Malen
46%
1996CBMichael Reiziger
42%
2004RBMichael Reiziger
42%
1976LBRuud Krol
40%
1980CBRuud Krol
40%
1996CMAron Winter
37%
1992GKHans van Breukelen
36%
1988GKHans van Breukelen
36%
2008RBKhalid Boulahrouz
36%
2000LMBoudewijn Zenden
34%
2020LMPatrick van Aanholt
33%
2008CBAndré Ooijer
32%
1980STJohnny Rep
32%
1976STJohnny Rep
32%
1976STRob Rensenbrink
32%
1976CMWim Jansen
29%
2004CBWilfred Bouma
28%
1980LWRené van de Kerkhof
27%
1976CMWilly van de Kerkhof
27%
1980RWWilly van de Kerkhof
27%
1996CBWinston Bogarde
27%
1980CMArie Haan
26%
1992CBBarry van Aerle
26%
1988RBBarry van Aerle
26%
2012LMIbrahim Afellay
26%
1988CMJan Wouters
26%
1992CMJan Wouters
26%
2004RWAndy van der Meyde
24%
2012LBJetro Willems
24%
1996LMRichard Witschge
24%
1992LMRob Witschge
24%
1988LBAdri van Tiggelen
21%
1992CBAdri van Tiggelen
21%
1988CMArnold Mühren
21%
1988RMGerald Vanenburg
21%
1976RBWim Suurbier
21%
1992STBryan Roy
20%
2000RBPaul Bosvelt
20%
2008DMOrlando Engelaar
18%
1996LWPeter Hoekstra
13%
1976CBWim Rijsbergen
11%
1980GKPiet Schrijvers
8%
1976GKPiet Schrijvers
8%
1976CBAdrie van Kraaij
6%
1980CMKees Kist
4%
1980CBMichel van de Korput
4%
1980LBHugo Hovenkamp
3%
1980RBBen Wijnstekers
2%
1980CMHuub Stevens
2%

Score Distribution

Percentile by Number Answered

Percent of People with Each Score

Your Score History

You have not taken this quiz